000 00592nam a2200193Ia 4500
003 GCL
008 140319s9999 xx 000 0 ara d
040 _aGCL /
_cGCL
082 0 4 _a347.08
_bس ق
100 1 _aسعيد احمد شعلة
245 1 0 _aقضاء النقض المدنى فى الصورية والشفعية /
_cسعيد احمد شعلة
260 _a[S.N] :
_bمكتبه النهضه المصريه ،
_c1993
300 _a368 ص
490 _a
650 0 4 _aالقانون المدنى
650 0 4 _aالعقود
650 0 4 _aسن القوانين
942 _2ddc
_cBK
999 _c51543
_d51543